| 000 | 00687nam a2200205Ii 4500 | ||
|---|---|---|---|
| 003 | JO-AjNU | ||
| 008 | 230605s9999||||xx |||||||||||||| ||und|| | ||
| 040 |
_aJO-AjNU _bara _erda _cJO-AjNU |
||
| 041 | _aara | ||
| 050 | 1 | 4 | _aT55.T24.2004 |
| 100 | 3 |
_aطاحون ، زكريا, _eauthor _935991 |
|
| 245 | 0 | 0 | _aالسلامة والصحة المهنية وبيئة العمل |
| 264 | 3 | 1 | _aعابدين:شركة ناس ، 2004 |
| 300 | _a290ص | ||
| 336 |
_atext _btxt _2rdacontent |
||
| 337 |
_aunmediated _bn _2rdamedia |
||
| 338 |
_avolume _bnc _2rdacarrier |
||
| 490 | 0 | _aسلسلة صون البيئة 6 | |
| 650 | 4 |
_aالسلامة المهنية-الصحة المهنية _935992 |
|
| 999 |
_aA14913 _c18481 _d18481 |
||